000 00605nam a2200217 a 4500
001 16340
003 CO-ViMGA
008 141112s2004 ck r 000 u spa d
020 _a9583007927
040 _aCO-ViMGA
_bspa
_cCO-ViMGA
082 0 4 _aPAEo
100 1 _aPáez, Enrique
245 1 0 _aLa olimpiada de los animales
260 _aBogotá :
_bPanAméricana,
_c2001
300 _a48.p.il.
490 _aQue pase le tren
590 _aForma de adquisición : Premio - Mincultura
650 1 4 _aANIMALES - CUENTOS INFANTILES
_920047
650 1 4 _aCUENTOS INFANTILES ESPAÑOLES
_9725
942 _2ddc
_cBK
999 _c3103
_d3103